00924 a2200169 45000010006000000050017000060080041000230030015000640400040000790800055001192450041001742640050002153000019002655050424002841000021007087000025007293496120260407155634.0260407a1976 arg spa dAR-UNSa-BCEJYS aAR-UNSa-BCEJYSbspacAR-UNSa-BCEJYS a658.012.32xFormas de organización, de gestión10aOrganizaciones, estructura y proceso 1aBogotá :bPrentice/Hall Internacionalc1976 a331 p.c23 cm. aParte I: La naturaleza de las organizaciones: 1. Introducción - 2. Tipos de organizaciones - 3. Metas y efectividad - Parte II : Estructura organizacional: 4. Tamaño organizacional - 5. Complejidad - 6. Formalización - 7. Poder y conflicto - 8. Liderazgo y toma de decisiones - 9. Comunicaciones - Parte IV: Organizaciones y sociedades : 10. El medio externo y la organizacion - 11. Organizaciones y cambio social1 aHall, Richard H.1 aFeferbaum, Stella de